IMF glossary English-French-Arabic

Salvato in:
Dettagli Bibliografici
Natura: Libro
Lingua:inglese
francese
arabo
Pubblicazione: Washington, D.C. IMF 2000
Edizione:2nd ed., revised and enlarged
Soggetti:
Tags: Aggiungi Tag
Nessun Tag, puoi essere il primo ad aggiungerne!!

MARC

LEADER 00000nam$a2200000$$$4500
001 0007930
005 20221129101002.1
020 |a 1-55775-955-3 
041 0 |a eng 
041 0 |a fre 
041 0 |a ara 
044 |a US 
245 1 0 |a IMF glossary  |b English-French-Arabic 
250 |a 2nd ed., revised and enlarged 
264 1 |a Washington, D.C.  |b IMF  |c 2000 
300 |a 510 s. 
610 2 0 |a Medzinárodný menový fond 
610 2 0 |a terminológia 
610 2 0 |a jazyky cudzie 
610 2 0 |a jazykoveda